000 00550nam a2200157 a 4500
001 000048865
005 20201002061452.0
008 190424s2016 dr r 000 0 spa d
020 _a9789945580297
040 _aDO-SdBNP
_bspa
_cBNPHU
082 _axxxx
_bE24d
245 0 3 _aLa educación a distancia y virtual en Centroamérica y el Caribe /
_ceditores Magdalena Cruz, Claudio Rama.
260 _aSantiago de los Caballeros, República Dominicana :
_bUAPA
_bVirtual educa,
_c2016.
300 _a193 p. ;
_c23 cm.
700 1 _aRama, Claudio,
_eed.
_935101
999 _c48353
_d48353